000 00457nas a2200181 a 4500
001 56232
003 127229
005 20201118103205.0
008 ||||||n9999 ||| || ||
041 _aspa
245 0 _aAlta Dirección - Vol.32 No.198
260 _aEspaña :
_bAlta Direccion,
_c1998.
562 _e1
650 _aADMINISTRACIÓN DE EMPRESAS
650 _aANÁLISIS ADMINISTRATIVO
773 _016279
_aAlta Dirección :
942 _cSISS
999 _c56232
_d56232